| 000 | 00794nam a2200217Ii 4500 | ||
|---|---|---|---|
| 003 | JO-AjNU | ||
| 008 | 230605s9999||||xx |||||||||||||| ||und|| | ||
| 020 | _a2-7451-0843-3 | ||
| 040 |
_aJO-AjNU _bara _erda _cJO-AjNU |
||
| 041 | _aara | ||
| 050 | 1 | 4 | _aPJ7700.M312 1999 |
| 100 | 3 |
_aدراسة وتعليق عبد الغني،يسري, _eauthor _924899 |
|
| 245 | 0 | 0 | _aديوان قيس بن الملوح مجنون ليلى: رواية أبي بكر الوالبي |
| 250 | _aط1 | ||
| 264 | 3 | 1 | _aبيروت:دار الكتب العلمية،1999 |
| 300 | _a134ص | ||
| 336 |
_atext _btxt _2rdacontent |
||
| 337 |
_aunmediated _bn _2rdamedia |
||
| 338 |
_avolume _bnc _2rdacarrier |
||
| 650 | 4 |
_a الشعر الغزلي العربي - تاريخ ونقد - العصر الجاهلي _924900 |
|
| 999 |
_aA9242 _c12810 _d12810 |
||